Made of metal / (Record no. 2116)
[ view plain ]
| 000 -LEADER | |
|---|---|
| fixed length control field | 00700nam a22002537a 4500 |
| 005 - DATE AND TIME OF LATEST TRANSACTION | |
| control field | 20251127151251.0 |
| 020 ## - INTERNATIONAL STANDARD BOOK NUMBER | |
| International Standard Book Number | 9781595152688 |
| 040 ## - CATALOGING SOURCE | |
| Original cataloging agency | FISKH |
| Language of cataloging | eng |
| Transcribing agency | FISKH |
| Modifying agency | FISKH |
| 050 ## - LIBRARY OF CONGRESS CALL NUMBER | |
| Classification number | TA459.W45 |
| 082 ## - DEWEY DECIMAL CLASSIFICATION NUMBER | |
| Classification number | 620.16 |
| 100 ## - MAIN ENTRY--PERSONAL NAME | |
| Personal name | Whitehouse, Patty |
| 245 ## - TITLE STATEMENT | |
| Title | Made of metal / |
| Statement of responsibility, etc. | Marcia S. Freeman Consulting Editor |
| 260 ## - PUBLICATION, DISTRIBUTION, ETC. | |
| Name of publisher, distributor, etc. | Rourke Classroom Resources, |
| Date of publication, distribution, etc. | 2004 |
| 300 ## - PHYSICAL DESCRIPTION | |
| Extent | 16 pages : |
| Dimensions | 19 cm |
| 505 ## - FORMATTED CONTENTS NOTE | |
| Formatted contents note | O |
| 520 ## - SUMMARY, ETC. | |
| Summary, etc. | Explains About The Many Things Made Of Metal And Why They Are So Useful. |
| 521 ## - TARGET AUDIENCE NOTE | |
| Target audience note | 690 |
| Source | Lexile |
| 521 ## - TARGET AUDIENCE NOTE | |
| Target audience note | O |
| Source | Raz-Plus |
| 650 ## - SUBJECT ADDED ENTRY--TOPICAL TERM | |
| Topical term or geographic name entry element | Science |
| 650 ## - SUBJECT ADDED ENTRY--TOPICAL TERM | |
| Topical term or geographic name entry element | Metal |
| 700 ## - ADDED ENTRY--PERSONAL NAME | |
| Personal name | Freeman, Marcia S. |
| Relator term | Consulting Editor |
| 942 ## - ADDED ENTRY ELEMENTS (KOHA) | |
| Source of classification or shelving scheme | Dewey Decimal Classification |
| Koha item type | Books |
| Suppress in OPAC | No |
| 999 ## - | |
| -- | 2116 |
| -- | 2116 |
| Withdrawn status | Lost status | Source of classification or shelving scheme | Damaged status | Not for loan | Collection | Home library | Current library | Shelving location | Date acquired | Total Checkouts | Full call number | Barcode | Date last seen | Copy number | Price effective from | Koha item type |
|---|---|---|---|---|---|---|---|---|---|---|---|---|---|---|---|---|
| Dewey Decimal Classification | Non-Fiction | Footprints International School Library Network Toul Kork Campus | Footprints International School Library Network Toul Kork Campus | TK Primary Library Room(4th Floor), Bookcase 5&6, Shelves 33-56, Orange Books | 11/07/2023 | WHI 620.16 TA459.W45 | FISTK03912 | 11/07/2023 | 1 | 11/07/2023 | Books | |||||
| Dewey Decimal Classification | Non-Fiction | Footprints International School Library Network Toul Tom Poung Campus | Footprints International School Library Network Toul Tom Poung Campus | TTP Primary Orange Bookshelves | 11/27/2025 | WHI 620.16 TA459.W45 | FIS03135 | 11/27/2025 | 2 | 11/27/2025 | Books |
